| 000 | 005900000a22002050004500 | ||
|---|---|---|---|
| 003 | LK-CoMWRAF | ||
| 005 | 20230928221808.0 | ||
| 008 | 230817t2001 ||||| |||| 00| 0 eng d | ||
| 020 | _a9830650901 | ||
| 040 |
_aLK-CoMWRAF _dLK-CoMWRAF _eLK-CoMWRAF |
||
| 041 | _aeng | ||
| 082 |
_a297.122 _bLAM |
||
| 100 | _aLaming, Shahibuddin | ||
| 245 |
_aSome basic themes in the Qur'an : _bUniverse, marriage, Law & justice guidance soul |
||
| 260 |
_aKuala Lumpur : _bA.S.Noordeen, _c2001 |
||
| 300 | _a277p | ||
| 650 | _aIslam--Qur'an | ||
| 650 | _aQur'an--Universe--Marriage--Law | ||
| 942 | _cBK | ||
| 999 |
_c1068 _d1068 |
||